[Event "40th Olympiad Open"]
[Site "Istanbul TUR"]
[Date "2012.09.07"]
[Round "10.15"]
[White "Vedmediuc, Serghei"]
[Black "Ostos, Julio"]
[Result "1-0"]
[WhiteTitle "IM"]
[BlackTitle "IM"]
[WhiteElo "2468"]
[BlackElo "2345"]
[WhiteTeam "Moldova"]
[BlackTeam "Venezuela"]
[WhiteFideId "13900790"]
[BlackFideId "3900053"]
[EventDate "2012.08.28"]

1. e4 e6 2. d4 d5 3. Nc3 Bb4 4. e5 c5 5. a3 Bxc3+ 6. bxc3 Qa5 7. Bd2 Qa4 8. Qg4
Kf8 9. Nf3 Ne7 10. Ra2 b6 11. Qf4 Ng6 12. Qe3 Ba6 13. Bd3 Bc4 14. Ra1 Bxd3 15.
cxd3 c4 16. O-O Nc6 17. dxc4 Qxc4 18. a4 Na5 19. Bc1 Qc6 20. Nd2 Kg8 21. Ba3 h5
22. Bb4 Nc4 23. Nxc4 dxc4 24. Qg5 Rh6 25. f4 Re8 26. f5 exf5 27. Qxf5 Qd5 28.
Ra2 Nh8 29. a5 f6 30. axb6 axb6 31. exf6 Qxf5 32. Rxf5 Rxf6 33. Rxf6 gxf6 34.
Ra6 Rb8 35. Ra7 Nf7 36. Rc7 b5 37. Rc5 Kg7 38. Rxh5 Ng5 39. Rh4 f5 40. Rf4 Kg6
41. h4 Ne6 42. Rf1 Rh8 43. d5 Nc7 44. d6 Nd5 45. Ba5 Rh7 46. Rd1 Nf6 47. Bd8 Nd7
48. Bg5 Rh8 49. Re1 Rb8 50. Re6+ Kh5 51. Re7 Rb7 52. Kf2 Kg4 53. Ke3 1-0

[Event "40th Olympiad Open"]
[Site "Istanbul TUR"]
[Date "2012.09.07"]
[Round "10.16"]
[White "Gallagher, Joseph G."]
[Black "Markus, Robert"]
[Result "1/2-1/2"]
[WhiteTitle "GM"]
[BlackTitle "GM"]
[WhiteElo "2513"]
[BlackElo "2599"]
[WhiteTeam "Switzerland"]
[BlackTeam "Serbia"]
[WhiteFideId "1303422"]
[BlackFideId "921637"]
[EventDate "2012.08.28"]

1. e4 c5 2. Nf3 e6 3. d4 cxd4 4. Nxd4 a6 5. Nc3 b5 6. Bd3 Qb6 7. Nf3 Qc7 8. O-O
Bb7 9. Re1 Be7 10. Qd2 b4 11. Ne2 Nc6 12. Qf4 Qxf4 13. Nxf4 d6 14. a3 Nf6 15.
Bd2 bxa3 16. Rxa3 Nd7 17. Bf1 g5 18. Nd3 h6 19. Rb3 Rb8 20. Nb4 Nxb4 21. Bxb4
O-O 22. Rd3 Nc5 23. Bxc5 dxc5 24. Ne5 Rfd8 25. f3 Rxd3 26. Bxd3 Bf6 27. Nc4 Bc6
28. e5 Bg7 29. b3 Rd8 30. Kf2 Bb5 31. g3 Rd4 32. Bf1 Bxc4 33. Bxc4 Rd2+ 34. Re2
Rxe2+ 35. Kxe2 Bxe5 36. Bxa6 1/2-1/2

[Event "40th Olympiad Open"]
[Site "Istanbul TUR"]
[Date "2012.09.07"]
[Round "10.16"]
[White "Hug, Werner"]
[Black "Popovic, Dusan"]
[Result "1/2-1/2"]
[WhiteTitle "IM"]
[BlackTitle "GM"]
[WhiteElo "2469"]
[BlackElo "2579"]
[WhiteTeam "Switzerland"]
[BlackTeam "Serbia"]
[WhiteFideId "1300040"]
[BlackFideId "927031"]
[EventDate "2012.08.28"]

1. d4 Nf6 2. Nf3 d6 3. c3 Nbd7 4. Nbd2 e5 5. e4 g6 6. Bd3 Bg7 7. O-O O-O 8. Re1
b6 9. a4 a6 10. Nb3 exd4 11. cxd4 Bb7 12. d5 c6 13. dxc6 Bxc6 14. Bf4 Re8 15.
Qc2 Bb7 16. Bxd6 Rc8 17. Qb1 Ng4 18. Bg3 Nde5 19. Nxe5 Nxe5 20. Bf1 Nc4 21. Ra2
Qe7 22. f3 Red8 23. Bxc4 Rxc4 24. Nc1 h5 25. b3 Rc6 26. Bf2 h4 27. Ne2 h3 28.
Nf4 hxg2 29. Nd5 Qe6 30. Rd2 Rcc8 31. Red1 Bxd5 32. Rxd5 Re8 33. Kxg2 Rc3 34.
R1d3 Rc6 35. Qd1 Qe7 36. Bg3 Kh7 37. Rd6 Rec8 38. Rxc6 Rxc6 39. Rd6 Rc3 40. Rd3
Rc8 41. Rd7 Qf6 1/2-1/2

[Event "40th Olympiad Open"]
[Site "Istanbul TUR"]
[Date "2012.09.07"]
[Round "10.17"]
[White "Howell, David W L"]
[Black "Roselli Mailhe, Bernardo"]
[Result "1-0"]
[WhiteTitle "GM"]
[BlackTitle "IM"]
[WhiteElo "2635"]
[BlackElo "2420"]
[WhiteTeam "England"]
[BlackTeam "Uruguay"]
[WhiteFideId "410608"]
[BlackFideId "3000028"]
[EventDate "2012.08.28"]

1. e4 e6 2. d4 d5 3. Nd2 c5 4. Ngf3 Nc6 5. exd5 exd5 6. Bb5 Bd6 7. dxc5 Bxc5 8.
Nb3 Bd6 9. Bg5 Ne7 10. O-O O-O 11. Bh4 Bg4 12. Re1 Re8 13. Bg3 Bxg3 14. hxg3 Qb6
15. Bd3 h6 16. Qd2 a5 17. a4 Nf5 18. Nh2 1-0

[Event "40th Olympiad Open"]
[Site "Istanbul TUR"]
[Date "2012.09.07"]
[Round "10.17"]
[White "Ulaneo, Nicolas"]
[Black "Pert, Nicholas"]
[Result "0-1"]
[BlackTitle "GM"]
[WhiteElo "2181"]
[BlackElo "2555"]
[WhiteTeam "Uruguay"]
[BlackTeam "England"]
[WhiteFideId "3001377"]
[BlackFideId "403989"]
[EventDate "2012.08.28"]

1. d4 d5 2. c4 c6 3. Nf3 Nf6 4. e3 Bf5 5. Nc3 e6 6. Be2 Nbd7 7. O-O h6 8. a3 Bd6
9. b4 a6 10. Bb2 O-O 11. Qb3 Qe7 12. Rad1 dxc4 13. Qxc4 a5 14. bxa5 Rxa5 15. a4
Rfa8 16. Qb3 Qd8 17. Nd2 Qc7 18. g3 Bh3 19. Rfe1 Nd5 20. Nc4 Nxc3 21. Qxc3 Rxa4
22. Nxd6 Qxd6 23. d5 e5 24. dxc6 Qxc6 25. Qxc6 bxc6 26. g4 Bxg4 27. Bxg4 Rxg4+
28. Kf1 Ra7 29. Rd6 Rb4 30. Ba1 Rba4 31. Bc3 Rc4 32. Ba1 f6 33. Red1 Nb6 34. Rb1
Nd5 0-1

[Event "40th Olympiad Open"]
[Site "Istanbul TUR"]
[Date "2012.09.07"]
[Round "10.18"]
[White "Gonzalez Zamora, Juan Carlos"]
[Black "Vescovi, Giovanni"]
[Result "1-0"]
[WhiteTitle "GM"]
[BlackTitle "GM"]
[WhiteElo "2553"]
[BlackElo "2617"]
[WhiteTeam "Mexico"]
[BlackTeam "Brazil"]
[WhiteFideId "3507548"]
[BlackFideId "2100789"]
[EventDate "2012.08.28"]

1. d4 d5 2. Nf3 Nf6 3. e3 c6 4. c4 Bf5 5. Nc3 e6 6. Bd3 Bg6 7. O-O Nbd7 8. b3
Bd6 9. Bb2 O-O 10. h3 Qe7 11. Re1 Ne4 12. a3 f5 13. Ne2 Bh5 14. Ne5 Nxe5 15.
dxe5 Bc7 16. Qc2 Bxe2 17. Rxe2 Rad8 18. b4 h6 19. Rc1 Bb6 20. Kh2 Ng5 21. cxd5
cxd5 22. Bd4 f4 23. Bxb6 axb6 24. exf4 Rxf4 25. Qc7 Qxc7 26. Rxc7 Rf7 27. Rec2
Rdd7 28. Rc8+ Rf8 29. h4 Nf7 30. Bh7+ Kxh7 31. Rxf8 Nxe5 32. Re2 Ng6 33. Rf3 d4
34. h5 Nh4 35. Rd3 Rd5 36. Rxe6 Rxh5 37. g4 Rg5 38. Kh3 Ng6 39. Rxd4 h5 40. f3
b5 41. Kg3 Ne5 42. Kf4 hxg4 43. Rxe5 gxf3 44. Ke4 1-0

[Event "40th Olympiad Open"]
[Site "Istanbul TUR"]
[Date "2012.09.07"]
[Round "10.18"]
[White "Milos, Gilberto"]
[Black "Gonzalez Garcia, Jose"]
[Result "1-0"]
[WhiteTitle "GM"]
[BlackTitle "GM"]
[WhiteElo "2593"]
[BlackElo "2532"]
[WhiteTeam "Brazil"]
[BlackTeam "Mexico"]
[WhiteFideId "2100029"]
[BlackFideId "5101174"]
[EventDate "2012.08.28"]

1. c4 Nf6 2. Nc3 e6 3. e4 d5 4. e5 d4 5. exf6 dxc3 6. bxc3 Qxf6 7. Nf3 c5 8. Bd3
Bd7 9. Qe2 Bc6 10. Be4 Bxe4 11. Qxe4 Nc6 12. O-O Qg6 13. Qe3 Rd8 14. d4 Be7 15.
Ba3 O-O 16. Bxc5 Bxc5 17. dxc5 Qg4 18. Qe2 Na5 19. Rab1 Rc8 20. h3 Qf4 21. g3
Qc7 22. Ng5 Qxc5 23. Rb5 Qc7 24. Qe4 g6 25. Qh4 h5 26. Ne4 f5 27. Ng5 Nxc4 28.
Nxe6 Qc6 29. Nd4 Qe4 30. Qg5 f4 31. f3 Qe3+ 32. Kh1 Qd3 33. Rg1 Nd6 34. Qd5+ Nf7
35. gxf4 Kh8 36. Rxb7 Rcd8 37. Qe6 Rd6 38. Qe7 Kg8 39. f5 Rxd4 40. Rxg6+ Kh7 41.
Rh6+ Kxh6 42. Qxf8+ Kg5 43. Qg7+ 1-0

[Event "40th Olympiad Open"]
[Site "Istanbul TUR"]
[Date "2012.09.07"]
[Round "10.18"]
[White "Ibarra Chami, Luis Fernando"]
[Black "Mekhitarian, Krikor Sevag"]
[Result "0-1"]
[WhiteTitle "IM"]
[BlackTitle "GM"]
[WhiteElo "2481"]
[BlackElo "2511"]
[WhiteTeam "Mexico"]
[BlackTeam "Brazil"]
[WhiteFideId "5105048"]
[BlackFideId "2107660"]
[EventDate "2012.08.28"]

1. c4 e6 2. Nf3 d5 3. d4 Nf6 4. Nc3 Bb4 5. Bg5 h6 6. Bxf6 Qxf6 7. Qa4+ Nc6 8. e3
O-O 9. Be2 Bd7 10. Qb3 dxc4 11. Qxc4 Bd6 12. O-O e5 13. Ne4 Qe7 14. Nxd6 Qxd6
15. d5 Ne7 16. Rfd1 Rfc8 17. Rac1 a5 18. Qb3 a4 19. Qxb7 Rab8 20. Qa7 Rxb2 21.
Ba6 Rd8 22. Rxc7 Nxd5 23. Rb7 Rxb7 24. Bxb7 Qc7 25. Qa6 Nc3 26. Rd2 Rb8 0-1

[Event "40th Olympiad Open"]
[Site "Istanbul TUR"]
[Date "2012.09.07"]
[Round "10.19"]
[White "Georgiev, Vladimir"]
[Black "Ftacnik, Lubomir"]
[Result "1/2-1/2"]
[WhiteTitle "GM"]
[BlackTitle "GM"]
[WhiteElo "2566"]
[BlackElo "2532"]
[WhiteTeam "FYROM"]
[BlackTeam "Slovakia"]
[WhiteFideId "2903024"]
[BlackFideId "14900017"]
[EventDate "2012.08.28"]

1. d4 Nf6 2. c4 g6 3. Nc3 d5 4. Nf3 Bg7 5. Qb3 dxc4 6. Qxc4 O-O 7. e4 Be6 8. Qd3
c5 9. d5 Bc8 10. Be2 e6 11. Bg5 h6 12. Bxf6 Bxf6 13. e5 Bg7 14. Rd1 exd5 15.
Nxd5 Nc6 16. Qc3 Qa5 17. Ne7+ Kh7 18. Qxa5 Nxa5 19. Rd5 Re8 20. Nxc8 Raxc8 21.
O-O Nc6 22. Bb5 a6 23. Bxc6 Rxc6 24. Rd7 Kg8 25. Rxb7 Bxe5 26. Re1 Rce6 27. Rxe5
Rxe5 28. Nxe5 Rxe5 29. Kf1 c4 30. Rb6 Ra5 31. a3 1/2-1/2

[Event "40th Olympiad Open"]
[Site "Istanbul TUR"]
[Date "2012.09.07"]
[Round "10.19"]
[White "Petrik, Tomas"]
[Black "Nedev, Trajko"]
[Result "1-0"]
[WhiteTitle "GM"]
[BlackTitle "GM"]
[WhiteElo "2529"]
[BlackElo "2494"]
[WhiteTeam "Slovakia"]
[BlackTeam "FYROM"]
[WhiteFideId "14901625"]
[BlackFideId "15000605"]
[EventDate "2012.08.28"]

1. d4 Nf6 2. c4 g6 3. g3 Bg7 4. Bg2 d5 5. cxd5 Nxd5 6. Nf3 Nb6 7. Nc3 Nc6 8. e3
O-O 9. O-O Re8 10. Re1 a5 11. Qe2 e5 12. Nxe5 Nxe5 13. dxe5 Bxe5 14. e4 Be6 15.
f4 Bxc3 16. bxc3 Bd5 17. Qf2 Bc6 18. f5 Nc4 19. Bf4 Qe7 20. Rad1 g5 21. Bc1 f6
22. h4 h6 23. Qe2 Ne5 24. Be3 Qg7 25. hxg5 hxg5 26. Bd4 Re7 27. Kf2 Rae8 28. Rh1
Nd7 29. Rde1 b5 30. a4 Rb8 31. Qa2+ Qf7 32. Qxf7+ Rxf7 33. Bf1 Re7 34. axb5 Bxb5
35. Bxb5 Rxb5 36. Rh6 Rh7 37. Reh1 Rxh6 38. Rxh6 Rb2+ 39. Kf3 Kg7 40. Rg6+ Kf7
41. e5 fxe5 42. Be3 Nf6 43. Bxg5 Rb6 44. Rh6 Nd5 45. Rh8 Rc6 46. Ke4 Nxc3+ 47.
Kxe5 Rc5+ 48. Kf4 a4 49. Rh7+ Kg8 50. Rd7 Rc4+ 51. Ke5 Rc5+ 52. Kf6 Rc6+ 53. Ke7
Ne4 54. Bf4 Kg7 55. g4 Rc5 56. Ke6+ Kg8 57. Rd8+ Kg7 58. Rd7+ Kg8 59. g5 1-0

[Event "40th Olympiad Open"]
[Site "Istanbul TUR"]
[Date "2012.09.07"]
[Round "10.20"]
[White "Urkedal, Frode"]
[Black "Godena, Michele"]
[Result "0-1"]
[WhiteTitle "IM"]
[BlackTitle "GM"]
[WhiteElo "2473"]
[BlackElo "2516"]
[WhiteTeam "Norway"]
[BlackTeam "Italy"]
[WhiteFideId "1506102"]
[BlackFideId "800090"]
[EventDate "2012.08.28"]

1. d4 d5 2. c4 c6 3. Nf3 Nf6 4. Nc3 dxc4 5. a4 a5 6. e4 Bg4 7. Bxc4 e6 8. Be3
Bb4 9. Qc2 Nbd7 10. Ne5 Nxe5 11. dxe5 Nd7 12. f4 g5 13. O-O gxf4 14. Bxf4 Rg8
15. Kh1 Qh4 16. Na2 Be7 17. Rab1 Qh5 18. Qc3 Be2 19. Bxe2 Qxe2 20. Qf3 Qxf3 21.
Rxf3 Nc5 22. Nc3 Rd8 23. b4 axb4 24. Rxb4 h5 25. g3 h4 26. gxh4 Bxh4 27. Bg3
Bxg3 28. Rxg3 Rxg3 29. hxg3 Rd3 30. Rc4 Nd7 31. Ne2 Nxe5 32. Rb4 Rd2 33. Ng1 Rd7
34. Kg2 Nd3 35. Rc4 Nb2 36. Rb4 Nd3 37. Rc4 b5 38. Rxc6 bxa4 39. Ra6 Rd4 40. Ne2
Rc4 41. Kf3 Ke7 42. g4 Nc5 43. Ra7+ Kf6 44. e5+ Kxe5 45. Rxf7 a3 46. Ra7 Na4 47.
Ra5+ Kf6 48. Nc1 Rxc1 49. Rxa4 Ra1 50. Kg2 a2 51. Ra8 e5 52. Rf8+ Kg5 53. Rg8+
Kf4 54. Rf8+ Kxg4 55. Rg8+ Kf5 56. Rf8+ Ke6 0-1

[Event "40th Olympiad Open"]
[Site "Istanbul TUR"]
[Date "2012.09.07"]
[Round "10.20"]
[White "Brunello, Sabino"]
[Black "Bae, Torstein"]
[Result "1/2-1/2"]
[WhiteTitle "GM"]
[BlackTitle "IM"]
[WhiteElo "2586"]
[BlackElo "2420"]
[WhiteTeam "Italy"]
[BlackTeam "Norway"]
[WhiteFideId "813613"]
[BlackFideId "1501887"]
[EventDate "2012.08.28"]

1. Nf3 Nf6 2. c4 g6 3. b4 Bg7 4. Bb2 O-O 5. e3 d6 6. Be2 e5 7. d4 e4 8. Nfd2 h5
9. Nc3 Qe7 10. Qb3 Bf5 11. O-O c6 12. Rae1 Nbd7 13. f3 exf3 14. Bxf3 Rae8 15. b5
c5 16. Bxb7 cxd4 17. exd4 Qxe1 18. Rxe1 Rxe1+ 19. Kf2 Rfe8 20. Nf3 Ng4+ 21. Kg3
R1e3 22. h3 Bxd4 23. hxg4 hxg4 24. Qd1 Bxc3 25. Bxc3 Rxc3 26. Qxd6 gxf3 27. gxf3
Rxc4 28. Bc6 Rc2 29. a4 Ree2 30. Bxd7 Rg2+ 31. Kf4 Bxd7 32. Qxd7 Rc4+ 33. Ke3
Rxa4 34. Qe8+ Kg7 35. Qe5+ Kg8 36. Qe8+ Kg7 37. Qe5+ Kh7 38. Qe7 Kg7 39. Qe5+
Kg8 40. Qe8+ Kg7 1/2-1/2

[Event "40th Olympiad Open"]
[Site "Istanbul TUR"]
[Date "2012.09.07"]
[Round "10.20"]
[White "Moen, Andreas"]
[Black "Vocaturo, Daniele"]
[Result "1-0"]
[WhiteTitle "FM"]
[BlackTitle "GM"]
[WhiteElo "2348"]
[BlackElo "2542"]
[WhiteTeam "Norway"]
[BlackTeam "Italy"]
[WhiteFideId "1501453"]
[BlackFideId "813192"]
[EventDate "2012.08.28"]

1. e4 c5 2. Nf3 d6 3. d4 cxd4 4. Nxd4 Nf6 5. Nc3 a6 6. Be3 e5 7. Nb3 Be6 8. f3
Nbd7 9. Qd2 b5 10. O-O-O Rc8 11. Kb1 Be7 12. g4 Nb6 13. Qf2 Nfd7 14. Nd5 Bxd5
15. exd5 Bh4 16. Qg2 Nc4 17. Bxc4 bxc4 18. Nd2 c3 19. Ne4 Nb6 20. b3 Be7 21. Rd3
O-O 22. Rhd1 Na4 23. bxa4 Qa5 24. Ka1 Rc4 25. Rb1 Rxa4 26. Nxc3 e4 27. Bb6 exd3
28. Bxa5 Bf6 29. cxd3 Rxa5 30. Qd2 1-0

[Event "40th Olympiad Open"]
[Site "Istanbul TUR"]
[Date "2012.09.07"]
[Round "10.21"]
[White "Gerzhoy, Leonid"]
[Black "Grandelius, Nils"]
[Result "0-1"]
[WhiteTitle "IM"]
[BlackTitle "GM"]
[WhiteElo "2448"]
[BlackElo "2562"]
[WhiteTeam "Canada"]
[BlackTeam "Sweden"]
[WhiteFideId "2806126"]
[BlackFideId "1710400"]
[EventDate "2012.08.28"]

1. d4 Nf6 2. c4 e6 3. Nc3 Bb4 4. e3 O-O 5. Bd3 c5 6. Nf3 d5 7. O-O dxc4 8. Bxc4
b6 9. Qe2 Bb7 10. Rd1 cxd4 11. exd4 Bxc3 12. bxc3 Qc7 13. Bd3 Nbd7 14. c4 Rfe8
15. Ne5 Nxe5 16. dxe5 Nd7 17. Bf4 Rad8 18. h4 f6 19. Qh5 f5 20. Qg5 Nc5 21. Bc2
Be4 22. Bb3 Bd3 23. h5 a5 24. Qg3 Be2 25. Rxd8 Rxd8 26. h6 Rd3 27. Be3 a4 28.
Bc2 Rc3 29. Bd1 Bxc4 30. hxg7 Bd5 31. Qh4 Rc4 32. Qf6 Qxg7 33. Qd8+ Qf8 34. Qxb6
Nd7 35. Qb2 Qg7 36. f4 Rc3 37. Bxa4 Rxe3 38. Bxd7 Qxd7 39. Qb8+ Kg7 40. Rc1 Bc4
41. Qd6 Qxd6 42. exd6 Bb5 43. Rc7+ Kf6 44. Rb7 Bc6 45. Rc7 Ba4 46. Ra7 Re4 47.
g3 Rd4 48. Ra6 Bd7 49. Kf2 Ra4 50. Rb6 Rxa2+ 51. Ke3 Ra3+ 52. Kd4 Rxg3 53. Rb8
Rg7 54. Rf8+ Rf7 55. Rg8 Bc6 56. Rc8 Bf3 57. Kc5 e5 58. fxe5+ Kxe5 59. Re8+ Kf6
60. Rc8 h5 61. Kb6 f4 62. Rc4 Ke5 63. Kc5 Bg4 0-1

[Event "40th Olympiad Open"]
[Site "Istanbul TUR"]
[Date "2012.09.07"]
[Round "10.21"]
[White "Tikkanen, Hans"]
[Black "Noritsyn, Nikolay"]
[Result "1/2-1/2"]
[WhiteTitle "GM"]
[BlackTitle "IM"]
[WhiteElo "2570"]
[BlackElo "2472"]
[WhiteTeam "Sweden"]
[BlackTeam "Canada"]
[WhiteFideId "1706446"]
[BlackFideId "2604922"]
[EventDate "2012.08.28"]

1. d4 e6 2. c4 Bb4+ 3. Bd2 a5 4. Nf3 d6 5. Nc3 f5 6. a3 Bxc3 7. Bxc3 Nf6 8. b4
O-O 9. e3 Qe7 10. Bd3 Ne4 11. Bb2 e5 12. dxe5 dxe5 13. c5 axb4 14. axb4 Rxa1 15.
Bxa1 Nc6 16. b5 Nd8 17. Nxe5 Nxc5 18. O-O Nf7 19. Bc4 Be6 20. Bxe6 Nxe6 21. Nxf7
Qxf7 22. Be5 f4 23. exf4 Nxf4 24. Bxf4 Qxf4 25. Qd5+ Rf7 26. Qxb7 h6 27. Qd5 Qf5
28. Qc4 Kh7 29. h3 Rd7 30. Re1 Rd2 31. Re2 Qd5 32. Qxd5 Rxd5 33. Rb2 Rd6 34. Rc2
Rd5 35. Rxc7 Rxb5 36. Kh2 Kg6 37. Rc3 Kf6 38. Rc6+ Kf7 39. Rc3 Kf6 40. Rc6+ Kf7
41. Rc4 Kf6 42. Rf4+ Kg6 43. Kg3 h5 44. Ra4 Kf6 45. Kh4 g6 46. f4 Kg7 47. Ra7+
Kh6 48. Rf7 Ra5 49. Rf8 Ra4 50. Rf6 Rb4 51. Kg3 Rb3+ 52. Kh2 Kg7 53. Ra6 Rc3 54.
Ra5 Rc4 55. Kg3 Kh6 56. Re5 Rc3+ 57. Kf2 Ra3 58. Re7 Ra2+ 59. Kf3 Ra3+ 60. Re3
Ra4 61. g4 hxg4+ 62. hxg4 Kg7 63. Kg3 Kf6 64. Rb3 Kf7 65. Rb7+ Kg8 66. Kf3 Kf8
67. Rd7 Rb4 68. Rd5 Kf7 69. Ke3 Ke6 70. Rc5 Kf7 71. Re5 Rb3+ 72. Ke4 Rb4+ 73.
Kf3 Rb3+ 74. Re3 Rb4 75. Rd3 Ra4 76. Kg3 Kg7 77. Rd6 Rb4 78. Rd7+ Kg8 79. Ra7
Rc4 80. Ra6 1/2-1/2

[Event "40th Olympiad Open"]
[Site "Istanbul TUR"]
[Date "2012.09.07"]
[Round "10.22"]
[White "Kurajica, Bojan"]
[Black "Ragger, Markus"]
[Result "1/2-1/2"]
[WhiteTitle "GM"]
[BlackTitle "GM"]
[WhiteElo "2551"]
[BlackElo "2670"]
[WhiteTeam "Bosnia & Herzegovina"]
[BlackTeam "Austria"]
[WhiteFideId "14400057"]
[BlackFideId "1610856"]
[EventDate "2012.08.28"]

1. d4 d5 2. c4 e6 3. Nf3 Nf6 4. g3 dxc4 5. Qa4+ Nbd7 6. Bg2 a6 7. Nc3 Rb8 8.
Qxc4 b5 9. Qd3 Bb7 10. O-O c5 11. dxc5 Bxc5 12. Bf4 Rc8 13. Ng5 Bxg2 14. Kxg2
O-O 15. a4 h6 16. Nf3 b4 17. Ne4 Nxe4 18. Qxe4 Qb6 19. Rac1 Nf6 20. Qb1 g5 21.
Be5 Nd7 22. Rc4 Qb7 23. Rfc1 Nxe5 24. Rxc5 Rxc5 25. Rxc5 Nxf3 26. exf3 Rd8 27.
Rc4 a5 28. h4 Qe7 29. hxg5 hxg5 30. Qc1 Rd5 31. Qe3 Kg7 1/2-1/2

[Event "40th Olympiad Open"]
[Site "Istanbul TUR"]
[Date "2012.09.07"]
[Round "10.22"]
[White "Kindermann, Stefan"]
[Black "Stojanovic, Dalibor"]
[Result "1/2-1/2"]
[WhiteTitle "GM"]
[BlackTitle "IM"]
[WhiteElo "2498"]
[BlackElo "2495"]
[WhiteTeam "Austria"]
[BlackTeam "Bosnia & Herzegovina"]
[WhiteFideId "4600053"]
[BlackFideId "922692"]
[EventDate "2012.08.28"]

1. e4 c5 2. Nf3 Nc6 3. Bb5 d6 4. O-O Bd7 5. c3 Nf6 6. Re1 a6 7. Ba4 b5 8. Bc2
Bg4 9. d3 e6 10. Nbd2 Be7 11. h3 Bh5 12. g4 Bg6 13. Nh4 Nd7 14. Ng2 e5 15. Nf3
h5 16. g5 Nf8 17. d4 Qc8 18. d5 Nd8 19. Kh2 h4 20. Nfxh4 Nh7 21. Qg4 Nxg5 22.
Qxc8 Rxc8 23. f4 exf4 24. Bxf4 Kd7 25. Re3 Bh7 26. Nf5 Bxf5 27. exf5 Bf6 28. Rg1
Nb7 29. Ne1 Nh7 30. Nf3 Rce8 31. Rge1 Rxe3 32. Rxe3 1/2-1/2

[Event "40th Olympiad Open"]
[Site "Istanbul TUR"]
[Date "2012.09.07"]
[Round "10.22"]
[White "Tomic, Bosko"]
[Black "Shengelia, David"]
[Result "1/2-1/2"]
[WhiteTitle "IM"]
[BlackTitle "GM"]
[WhiteElo "2423"]
[BlackElo "2545"]
[WhiteTeam "Bosnia & Herzegovina"]
[BlackTeam "Austria"]
[WhiteFideId "14401401"]
[BlackFideId "13601270"]
[EventDate "2012.08.28"]

1. e4 c5 2. Nc3 a6 3. Nf3 e6 4. d4 cxd4 5. Nxd4 Qc7 6. Bd3 Nc6 7. Nxc6 Qxc6 8.
O-O b5 9. Qe2 Bb7 10. a4 b4 11. Nd5 O-O-O 12. Bb5 axb5 13. axb5 Qc5 14. Be3 exd5
15. Bxc5 Bxc5 16. b6 Bxb6 17. Qb5 Kc7 18. exd5 d6 19. Ra6 Bc5 20. Rc6+ Kb8 21.
Re1 Nf6 22. Rxc5 Rhe8 23. Rxe8 Rxe8 24. h3 dxc5 25. d6 Re1+ 26. Kh2 Re5 27. Qb6
Rd5 28. c4 bxc3 29. bxc3 c4 30. f3 Rd2 31. h4 h5 32. Kg3 Rd3 33. Kf2 Rd2+ 34.
Kg1 Rd1+ 35. Kh2 Rd2 36. Kh3 Nd5 37. Qd8+ Ka7 38. Qa5+ Ba6 39. Qc5+ Nb6 40. Qc7+
Bb7 41. Qxf7 Rxd6 42. Qxg7 Rd3 43. Qe5 Nd5 44. Kg3 Rxc3 45. Qxh5 Re3 46. Qh8 c3
47. Qd4+ Kb8 48. Qh8+ Kc7 49. h5 Re6 50. h6 Rg6+ 51. Kf2 c2 52. Qh7+ Kb8 53.
Qxg6 c1=Q 54. h7 Qe3+ 55. Kg3 Qf4+ 56. Kf2 Qd2+ 57. Kg1 Qd4+ 58. Kh2 Qh4+ 59.
Kg1 Qe1+ 1/2-1/2

[Event "40th Olympiad Open"]
[Site "Istanbul TUR"]
[Date "2012.09.07"]
[Round "10.22"]
[White "Novkovic, Milan"]
[Black "Kadric, Denis"]
[Result "1/2-1/2"]
[WhiteTitle "IM"]
[BlackTitle "IM"]
[WhiteElo "2400"]
[BlackElo "2418"]
[WhiteTeam "Austria"]
[BlackTeam "Bosnia & Herzegovina"]
[WhiteFideId "1613103"]
[BlackFideId "14403803"]
[EventDate "2012.08.28"]

1. d4 d6 2. c4 g6 3. Nc3 Bg7 4. e4 e5 5. Nge2 Nd7 6. Be3 Ngf6 7. f3 O-O 8. Qd2
a6 9. d5 Rb8 10. Ng3 h5 11. Bd3 Nh7 12. O-O-O Nc5 13. Bc2 b5 14. b4 Nd7 15. cxb5
axb5 16. Bd3 Nb6 17. Nxb5 Bd7 18. Na7 Rb7 19. Nc6 Qa8 20. Kb1 Qa4 21. Bc2 Qb5
22. Bd3 Qa4 23. Bc2 Qb5 24. Bd3 Qa4 25. Bc2 Qb5 26. Bd3 Qa4 27. Bc2 Qb5 28. Bd3
Qa4 29. Bc2 Qb5 30. Bd3 Qa4 31. Bc2 1/2-1/2